| 000 | 00719nam a22002057a 4500 | ||
|---|---|---|---|
| 005 | 20100804124729.0 | ||
| 010 | _aENG-98152 | ||
| 020 |
_a9789380433103 _c140.00 |
||
| 035 | _aEN-81685 | ||
| 037 | _bDBAD/PUB | ||
| 082 | _a579.51785 | ||
| 100 |
_aMaheswari, N. Uma _95927 |
||
| 245 |
_aMycorrhiza / _cby N.Uma Maheswari |
||
| 260 |
_aThanjavur _bNalankilli Pathippagam _c2009 |
||
| 270 |
_a1271, Sulthanjiappa Lane,South Rampart _bThanjavur _e613001 |
||
| 300 |
_a158p. _c21cm (pbk) |
||
| 650 |
_aMycorrhiza _95928 |
||
| 942 |
_2ddc _cEN _h579.51785 _mMAH |
||
| 999 |
_c39201 _d39201 |
||